[Event "Stara Zagora Beroe op 1st"]
[Site "Stara Zagora"]
[Date "2015.12.20"]
[Round "4"]
[White "Papanastasiou, Nektarios"]
[Black "Ramadanov, Esat"]
[Result "0-1"]
[WhiteElo "1707"]
[BlackElo "1503"]
[PlyCount "76"]
[EventDate "2015.12.19"]
[EventType "swiss"]
[EventRounds "6"]
[EventCountry "BUL"]
[SourceTitle "EXT 2017"]
[Source "ChessBase"]
[SourceDate "2016.10.25"]
[SourceVersion "1"]
[SourceVersionDate "2016.10.25"]
[SourceQuality "1"]

1. e4 c5 2. Nf3 d6 3. Bb5+ Nd7 4. 0-0 a6 5. Bxd7+ Bxd7 6. Re1 Nf6 7. h3 g6 8. d4 cxd4 9. Nxd4 e5 10. Nf3 Bg7 11. Nc3 Bc6 12. Bg5 0-0 13. Qd2 Qc7 14. Rad1 Rad8 15. Nd5 Bxd5 16. exd5 Rc8 17. c3 Qc4 18. Bxf6 Bxf6 19. a3 Rfe8 20. Qc2 Qc7 21. Re4 Bg7 22. g4 Qd7 23. Rb4 a5 24. Rb6 e4 25. Ne1 Qe7 26. Ng2 Bh6 27. Re1 f5 28. gxf5 gxf5 29. Qe2 Bg7 30. Qh5 Qd7 31. Nf4 Be5 32. Qg5+ Kh8 33. Kf1 Qc7 34. Rxb7 Qxb7 35. Qh4 Bxf4 36. Qxf4 Qxd5 37. Qh6 Qe6 38. Qe3 Rf8 0-1

[Event "Stara Zagora Beroe op 1st"]
[Site "Stara Zagora"]
[Date "2015.12.20"]
[Round "5"]
[White "Sotirov, Nikolaj"]
[Black "Papanastasiou, Nektarios"]
[Result "0-1"]
[WhiteElo "1952"]
[BlackElo "1707"]
[PlyCount "39"]
[EventDate "2015.12.19"]
[EventType "swiss"]
[EventRounds "6"]
[EventCountry "BUL"]
[SourceTitle "EXT 2017"]
[Source "ChessBase"]
[SourceDate "2016.10.25"]
[SourceVersion "1"]
[SourceVersionDate "2016.10.25"]
[SourceQuality "1"]

1. e4 e6 2. d4 d5 3. exd5 exd5 4. Bd3 Nf6 5. Ne2 Bd6 6. Bf4 0-0 7. Nd2 Re8 8. 0-0 Rxe2 9. Bxd6 Rxd2 10. Bxc7 Rxd1 11. Bxd8 Rxf1+ 12. Kxf1 Nc6 13. Bxf6 gxf6 14. c3 Bd7 15. b4 a5 16. b5 Na7 17. a4 b6 18. c4 dxc4 19. Bxc4 Rc8 20. Rc1 0-1

[Event "Stara Zagora Beroe op 1st"]
[Site "Stara Zagora"]
[Date "2015.12.19"]
[Round "3"]
[White "Banev, Simeon"]
[Black "Papanastasiou, Nektarios"]
[Result "1/2-1/2"]
[WhiteElo "1347"]
[BlackElo "1707"]
[PlyCount "64"]
[EventDate "2015.12.19"]
[EventType "swiss"]
[EventRounds "6"]
[EventCountry "BUL"]
[SourceTitle "EXT 2017"]
[Source "ChessBase"]
[SourceDate "2016.10.25"]
[SourceVersion "1"]
[SourceVersionDate "2016.10.25"]
[SourceQuality "1"]

1. d4 d5 2. Bf4 Nf6 3. Nf3 e6 4. e3 Nbd7 5. c3 Nh5 6. Bg3 Nxg3 7. hxg3 Nf6 8. Bd3 Bd7 9. Nbd2 Bc6 10. Qe2 Bd6 11. 0-0-0 Qd7 12. e4 dxe4 13. Nxe4 Nxe4 14. Bxe4 Bxe4 15. Qxe4 0-0-0 16. Rxh7 Rxh7 17. Qxh7 f6 18. Rh1 c5 19. Qd3 Qa4 20. Kb1 c4 21. Qe2 Re8 22. Rh7 Re7 23. Nd2 b5 24. Ne4 Kc7 25. Qc2 Qa6 26. Nxd6 Kxd6 27. Qg6 Qb7 28. f3 Rf7 29. Qh5 Qd5 30. Qxf7 Qf5+ 31. Kc1 Qxh7 32. Qf8+ Kd7 1/2-1/2

[Event "Golden Sands op-B"]
[Site "Golden Sands"]
[Date "2015.06.11"]
[Round "4"]
[White "Papanastasiou, Nektarios"]
[Black "Alothman, Abdul Wahab"]
[Result "1/2-1/2"]
[WhiteElo "1687"]
[BlackElo "2141"]
[PlyCount "62"]
[EventDate "2015.06.08"]
[EventType "swiss"]
[EventRounds "9"]
[EventCountry "BUL"]
[SourceTitle "CBM 167 Extra"]
[Source "ChessBase"]
[SourceDate "2015.09.14"]
[SourceVersion "1"]
[SourceVersionDate "2015.09.14"]
[SourceQuality "1"]

1. e4 c5 2. Nf3 g6 3. c3 Bg7 4. d4 cxd4 5. cxd4 d6 6. Bc4 Nf6 7. Nbd2 0-0 8. 0-0 Nc6 9. Re1 e5 10. Nb3 Bg4 11. d5 Ne7 12. h3 Bd7 13. Bg5 h6 14. Bd2 Ne8 15. a4 f5 16. Bd3 fxe4 17. Bxe4 Bf5 18. Na5 Qd7 19. Qb3 Kh7 20. Bd3 Bxd3 21. Qxd3 Nf6 22. h4 e4 23. Rxe4 Nxe4 24. Qxe4 Rae8 25. h5 Qf5 26. hxg6+ Qxg6 27. Qxg6+ Kxg6 28. Nxb7 Nxd5 29. Nxd6 Re6 30. Nc4 Nf4 31. Bxf4 Rxf4 1/2-1/2